|
|
|
|
| LEADER |
01104nam a2200301 a 4500 |
| 001 |
c000146014 |
| 003 |
CARM |
| 005 |
00000000000000.0 |
| 008 |
800502s1980 enka b 00110 eng |
| 010 |
|
|
|a 81105142 //r942
|
| 015 |
|
|
|a GB***
|
| 019 |
1 |
|
|a 1905189
|z 44737041
|z 55581859
|z 57991852
|5 LACONCORD2021
|
| 020 |
|
|
|a 0713512105 :
|c L.12.50
|
| 035 |
|
|
|a (OCoLC)7860414
|5 LACONCORD2021
|
| 043 |
|
|
|a n-cn---
|
| 050 |
|
0 |
|a HC120.D5
|b W34 1980
|
| 082 |
0 |
0 |
|a 338.0971
|2 19
|
| 100 |
1 |
|
|a Walker, David F.
|
| 245 |
1 |
0 |
|a Canada's industrial space-economy /
|c David F. Walker.
|
| 260 |
|
|
|a London :
|b Bell & Hyman,
|c 1980.
|
| 300 |
|
|
|a x, 261 p. :
|b ill. ;
|c 23 cm.
|
| 440 |
|
0 |
|a Advanced economic geographies.
|n B,
|p Regional studies
|
| 504 |
|
|
|a Includes bibliographies and index.
|
| 650 |
|
0 |
|a Industrial location
|z Canada
|x History.
|
| 650 |
|
0 |
|a Space in economics.
|
| 852 |
8 |
|
|b CARM
|h A2:AH32B0
|i B03814
|p 0184822
|f BK
|
| 999 |
f |
f |
|i 3d1a7240-351e-58cc-88ea-935a61483b9f
|s 9dc2967b-6693-571b-bee7-8d88319510eb
|
| 952 |
f |
f |
|p Can circulate
|a CAVAL
|b CAVAL
|c CAVAL
|d CARM 1 Store
|e B03814
|f A2:AH32B0
|h Other scheme
|i book
|m 0184822
|